Ciencias sociales 1 /
Guardado en:
| Autor Principal: | |
|---|---|
| Otros Autores: | , , , , , , , |
| Formato: | Libro |
| Publicado: |
Buenos Aires :
Santillana,
2012
|
| Series: | Conocer +
|
| Materias: | |
| Etiquetas: |
Agregar Etiqueta
Sin Etiquetas, Sea el primero en etiquetar este registro!
|
| LEADER | 01741nam a22003015a 4500 | ||
|---|---|---|---|
| 001 | CEM.cems013894 | ||
| 005 | 20130507162226.0 | ||
| 008 | 130507s2012##################000#0#####d | ||
| 003 | CEMS | ||
| 020 | |a 9789504631132 | ||
| 082 | 0 | 4 | |a 302 |
| 100 | 1 | |a Balbiano, Alejandro | |
| 245 | 1 | 0 | |a Ciencias sociales 1 / |c Alejandro Balbiano ... [et Al.] |
| 260 | |a Buenos Aires : |b Santillana, |c 2012 | ||
| 300 | |a 256 p. | ||
| 490 | 0 | |a Conocer + | |
| 505 | 0 | |a La historia, una ventana hacia el pasado -- Los seres humanos se expanden por el mundo -- Las priemras huellas en nuestro continente -- El Neolíticio: una época de cambios revolucionarios -- Ciudades e imperios de la antigua Mesopotamia -- Egipto, la tierra de los faraones -- Pequeños y grandes Estados del primer milenio a.c. -- Dos grandes áreas culturales en América -- El apogeo de Mesoamérica y del mundo -- Grecia. De los orígenes a los reinos helenísticos -- La cultura griega -- Roma. De los orígenes al Imperio -- Roma y la cultura occiental -- Los comienzos de la Edad Media -- El nacimiento del feudalismo -- Expansión y crisis de la sociedad feudal -- El mundo en que vivimos -- Las características de la superficie terrestre -- El clima del mundo -- Aguas oceánicas y continentales -- Los biomas -- Las sociedades del mundo -- Espacios urbanos -- Espacios rurales | |
| 653 | |a Ciencias sociales | ||
| 653 | |a Educación secundaria | ||
| 700 | 1 | |a Carabajal, Benjamín | |
| 700 | 1 | |a Casola, Natalia | |
| 700 | 1 | |a Celotto, Amanda | |
| 700 | 1 | |a Cifuentes, Martín | |
| 700 | 1 | |a López de Riccardini, Silvia | |
| 700 | 1 | |a Maurizio, María | |
| 700 | 1 | |a Sá, Inés | |
| 700 | 1 | |a Vissani, Guillermo | |
| 859 | |a CEMS |b BIB. CEMS - 11 de abril |h 302 |i B185 |p 26652.13 |t Ej.1 |v 1 |3 1 | ||
